La pregunta de sus ojos /

Guardado en:
Autor Principal: Sacheri, Eduardo
Formato: Libro
Publicado: Buenos Aires : Alfaguara, 2009
Materias:
Etiquetas: Agregar Etiqueta
Sin Etiquetas, Sea el primero en etiquetar este registro!
LEADER 00581nam a22002055a 4500
001 CEM.cems013679
005 20120528130258.0
008 130507s2009##################000#0#####d
003 CEMS
020 |a 9789870412762 
082 0 4 |a A863.4 
100 1 |a Sacheri, Eduardo 
245 1 0 |a La pregunta de sus ojos /  |c Eduardo A. Sacheri 
260 |a Buenos Aires :  |b Alfaguara,  |c 2009 
300 |a 317 p. 
653 |a Literatura 
653 |a Literatura argentina siglo 21 
653 |a Novelas 
653 |a Novelas argentinas 
859 |a CEMS  |b BIB. CEMS - 11 de abril  |h A863.4  |i Sa143  |p 26374.12  |t Ej.1